[Event "HCL-C071"]
[Site "www.playchess.de"]
[Date "2001.02.19"]
[Round "33"]
[White "Yogesh"]
[Black "Mohrni"]
[WhiteElo "1038"]
[BlackElo "1201"]
[PlyCount "55"]
[Result "1-0"]

1.e4 e5 2.Nf3 Nc6 3.Bb5 Nf6 4.Bxc6 bxc6 5.d3 Ba6 
6.Bg5 h6 7.Bxf6 Qxf6 8.c3 d5 9.exd5 cxd5 10.Qa4+ 
Kd8 11.O-O Bxd3 12.Rd1 Bc4 13.Qxc4 c6 14.Qe4 Bd6 
15.Qa4 Kd7 16.Rxd5 Qe6 17.c4 Rhc8 18.Nc3 Ke7 
19.Rd3 e4 20.Nxe4 Qxe4 21.Re1 Qxe1+ 22.Nxe1 Kf8 
23.Rxd6 Rce8 24.Kf1 c5 25.Qa5 Rec8 26.Nd3 Rcb8 
27.Qxc5 a5 28.Rd8+ 1-0

[Event "HCL-C071"]
[Site "www.playchess.de"]
[Date "2001.02.19"]
[Round "35"]
[White "Yogesh"]
[Black "setengo_00"]
[WhiteElo "1038"]
[BlackElo "800"]
[PlyCount "23"]
[Result "1-0"]

1.e4 e5 2.Nf3 Nf6 3.d3 Nc6 4.Bg5 Bc5 5.c3 h6 
6.Bxf6 Qxf6 7.b4 Bb6 8.a4 a6 9.Na3 g5 10.b5 axb5 
11.Nxb5 g4 12.Nxc7+ 1-0

[Event "HCL-C071"]
[Site "www.playchess.de"]
[Date "2001.02.19"]
[Round "36"]
[White "Silver_Fox"]
[Black "Yogesh"]
[WhiteElo "1000"]
[BlackElo "1038"]
[PlyCount "22"]
[Result "0-1"]

1.e4 e5 2.Nc3 Nf6 3.g3 Bb4 4.Bg2 Bxc3 5.bxc3 b6 
6.d4 exd4 7.cxd4 Bb7 8.Qd3 Na6 9.Ba3 c5 10.e5 Bxg2 
11.exf6 Qxf6 0-1

[Event "HCL-A047"]
[Site "www.playchess.de"]
[Date "2001.02.20"]
[Round "9"]
[White "klypp"]
[Black "Dio"]
[WhiteElo "2172"]
[BlackElo "2195"]
[PlyCount "71"]
[Result "1-0"]

1.e4 e6 2.d4 d5 3.Nd2 dxe4 4.Nxe4 Nd7 5.Nf3 Ngf6 
6.Bd3 Be7 7.O-O O-O 8.Re1 Nxe4 9.Bxe4 Nf6 10.Bd3 
b6 11.c3 Bb7 12.Bg5 c5 13.Bxf6 Bxf6 14.dxc5 bxc5 
15.Qe2 Qc7 16.Nd2 Rfd8 17.Rad1 Rd7 18.Ne4 Bxe4 
19.Qxe4 Rad8 20.Qxh7+ Kf8 21.Bc2 R7xd1 22.Rxd1 
Rxd1+ 23.Bxd1 g6 24.Qh6+ Bg7 25.Qd2 a5 26.g3 Ke7 
27.Ba4 Qd6 28.Qe2 Qe5 29.Qb5 Qe1+ 30.Kg2 Qe4+ 
31.f3 Qd5 32.h4 Qd2+ 33.Kh3 Qd5 34.Qxa5 Qxf3 
35.Qxc5+ Kf6 36.Qg5+ 1-0

[Event "HCL-A051"]
[Site "www.playchess.de"]
[Date "2001.02.20"]
[Round "8"]
[White "mel"]
[Black "Eaglewingz"]
[WhiteElo "1241"]
[BlackElo "1348"]
[PlyCount "106"]
[Result "0-1"]

1.e3 e5 2.Bc4 d5 3.Bf1 Nc6 4.c3 Nf6 5.h3 Bf5 6.d3 
Bd6 7.Be2 Qe7 8.Bf3 e4 9.dxe4 dxe4 10.Be2 O-O-O 
11.Nd2 Nd5 12.Bb5 Ne5 13.Qa4 a6 14.Bxa6 bxa6 
15.Qxa6+ Kd7 16.Qb5+ c6 17.Qb7+ Ke8 18.Qxe7+ Kxe7 
19.Ne2 Nd3+ 20.Kf1 Nxc1 21.Rxc1 Rdb8 22.b3 Rhe8 
23.Nd4 Bd7 24.c4 Ba3 25.Re1 Nc3 26.Nb1 Nxb1 
27.Rxb1 Kf8 28.Nc2 Bd6 29.Ke2 Re5 30.g4 g6 31.Rbd1 
Ke7 32.f4 Ra5 33.Rda1 Rba8 34.a4 Rb8 35.Rhb1 c5 
36.Na3 f6 37.Ra2 h5 38.Nb5 Bxb5 39.cxb5 Rbxb5 
40.Rc2 Rxa4 41.f5 Kf7 42.fxg6+ Kxg6 43.Rg1 Rxb3 
44.gxh5+ Kxh5 45.Rg4 f5 46.Rg8 Raa3 47.Kf1 Rbxe3 
48.Rf2 Ref3 49.Rxf3 Rxf3+ 50.Ke2 Rxh3 51.Rh8+ Kg4 
52.Rd8 Rh2+ 53.Ke3 Bf4+ 0-1

[Event "HCL-A062"]
[Site "www.playchess.de"]
[Date "2001.02.20"]
[Round "21"]
[White "Brrrr"]
[Black "teenspirit"]
[WhiteElo "1796"]
[BlackElo "1766"]
[PlyCount "57"]
[Result "1-0"]

1.d4 Nf6 2.c4 g6 3.Nc3 Bg7 4.e4 d6 5.f3 O-O 6.Be3 
e5 7.d5 Nbd7 8.Qd2 {Happy New Year! :-)}  Nh5 
{Thank u Brrrrr. Happy new year for you too!}  
9.Nge2 f5 10.exf5 gxf5 11.O-O-O f4 12.Bf2 a5 
13.Qd3 b6 14.g4 Nhf6 15.g5 Ne8 16.h4 Nc5 17.Qc2 
Bf5 18.Ne4 Qd7 19.N2c3 a4 20.Bxc5 dxc5 21.h5 Nd6 
22.a3 Nxe4 23.Nxe4 Bxe4 24.Qxe4 Qf5 25.Bd3 Qxe4 
26.Bxe4 Rad8 27.d6 Rxd6 28.Rxd6 cxd6 
29.Bd5+ 1-0

[Event "HCL-B086"]
[Site "www.playchess.de"]
[Date "2001.02.20"]
[Round "5"]
[White "bjwar"]
[Black "DarthVader"]
[WhiteElo "1200"]
[BlackElo "1200"]
[PlyCount "60"]
[Result "0-1"]

1.e4 Nc6 2.c3 b6 3.Nh3 h6 4.d4 d5 5.Qd3 dxe4 
6.Qxe4 Bb7 7.Nd2 Nf6 8.Qe3 Qd7 9.Nc4 O-O-O 10.Be2 
e6 11.Ne5 Nxe5 12.Qxe5 Bd6 13.Qe3 Nd5 14.Qd3 Kb8 
15.Bf3 c6 16.O-O Nc7 17.Nf4 Ba6 18.Qc2 Bxf1 
19.Kxf1 g5 20.Nd3 Bxh2 21.g3 e5 22.Nxe5 Qe6 23.Bg4 
Qd6 24.Kg2 Rdf8 25.Kxh2 h5 26.Bd7 h4 27.Qa4 b5 
28.Qa5 hxg3+ 29.Kxg3 Ka8 30.Bxc6+ 
Kb8 0-1

[Event "HCL-B096"]
[Site "www.playchess.de"]
[Date "2001.02.20"]
[Round "5"]
[White "paule"]
[Black "raimacs"]
[WhiteElo "1806"]
[BlackElo "1459"]
[PlyCount "61"]
[Result "1-0"]

1.e4 e5 2.Nf3 Nc6 3.Bb5 a6 4.Ba4 Nf6 5.O-O b5 
6.Bb3 Bc5 7.Nxe5 Nxe5 8.d4 Bb7 9.dxc5 Nxe4 10.Bd5 
Nxc5 11.Bxb7 Nxb7 12.Re1 d6 13.f4 O-O 14.fxe5 dxe5 
15.Qf3 Qd4+ 16.Kh1 Nc5 17.Nc3 Ne6 18.a4 b4 19.Nd5 
Rae8 20.c3 bxc3 21.bxc3 Qc4 22.Ba3 Red8 23.Bxf8 
Rxd5 24.Re4 Qd3 25.Re3 Qc4 26.Be7 f6 27.Bxf6 gxf6 
28.Qxf6 {Sorry...}  Rd3 29.Rb1 Nf8 {back to the 
game}  30.Rxe5 Qg4 31.Rg5+ 1-0

[Event "HCL-B109"]
[Site "www.playchess.de"]
[Date "2001.02.20"]
[Round "5"]
[White "antaios"]
[Black "Nulnulnix"]
[WhiteElo "1255"]
[BlackElo "820"]
[PlyCount "40"]
[Result "0-1"]

1.e4 e5 2.Nf3 Nc6 3.c3 Nf6 4.d3 d5 5.exd5 Nxd5 
6.Nbd2 Bf5 7.Ne4 h6 8.Qb3 b6 9.Qb5 Qd7 10.c4 Bb4+ 
11.Bd2 Bxd2+ 12.Nfxd2 Nf4 13.g3 Bxe4 14.Nxe4 Ne6 
15.Bh3 Ke7 16.O-O Rhf8 17.Rae1 f5 18.Nc3 Ned4 
19.Rxe5+ Nxe5 20.Qxe5+ Kf7 0-1

[Event "HCL-B117"]
[Site "www.playchess.de"]
[Date "2001.02.20"]
[Round "8"]
[White "csadler"]
[Black "LUPES"]
[WhiteElo "1125"]
[BlackElo "1500"]
[PlyCount "32"]
[Result "0-1"]

1.e4 e5 2.Nf3 Nc6 3.Bc4 Bc5 4.O-O Nf6 5.d3 O-O 
6.c3 d6 7.d4 exd4 8.cxd4 Bb6 9.Nc3 Nxe4 10.Re1 Nf6 
11.Bg5 Bg4 12.h3 Bxf3 13.Qxf3 Nxd4 14.Qxb7 Nc2 
15.Be6 fxe6 16.Rxe6 Bxf2+ 0-1

[Event "HCL-B122"]
[Site "www.playchess.de"]
[Date "2001.02.20"]
[Round "15"]
[White "Jeff_Foster"]
[Black "BOB"]
[WhiteElo "1231"]
[BlackElo "1500"]
[PlyCount "51"]
[Result "1-0"]

1.e4 c5 2.d4 cxd4 3.c3 dxc3 4.Nxc3 d6 5.Nf3 a6 
6.Bc4 e6 7.Bf4 b5 8.Bd3 Ra7 9.O-O Rd7 10.Re1 Bb7 
11.b3 Be7 12.a4 b4 13.Ne2 Nf6 14.Ng3 O-O 15.Rc1 
Nc6 16.Bxa6 Bxa6 17.Rxc6 Qa8 18.Rc2 Rc8 19.Qc1 d5 
20.Rxc8+ Qxc8 21.Qxc8+ Bxc8 22.Ne5 Rb7 23.Rc1 {I'm 
winning, so why would I accept a draw?}  Bd7 
24.Nxd7 Nxd7 25.exd5 {How many more times?  I am 
winning therefore no draw...}  Nc5 
26.d6 1-0

[Event "HCL-B125"]
[Site "www.playchess.de"]
[Date "2001.02.20"]
[Round "4"]
[White "Jeff_Foster"]
[Black "pird"]
[WhiteElo "1231"]
[BlackElo "1486"]
[PlyCount "71"]
[Result "1-0"]

1.e4 c6 2.d4 d5 3.Nd2 dxe4 4.Nxe4 Bf5 5.Ng3 Bg6 
6.h4 h6 7.h5 Bh7 8.Nf3 Nd7 9.Bd3 Bxd3 10.Qxd3 Qc7 
11.Bd2 Ngf6 12.O-O-O {let's just hope, i don't 
make a mistake in both games :)}  e6 {I hope that 
also!}  13.Ne4 Nxe4 14.Qxe4 Nf6 15.Qe2 O-O-O 16.g3 
Bd6 17.c4 Rhe8 18.c5 Bf8 19.Kb1 Nd5 20.Ne5 Nf6 
21.Qe3 Nd5 22.Qa3 Kb8 23.Ba5 b6 24.cxb6 axb6 
25.Qb3 Qb7 26.Bd2 Rdc8 27.Rdc1 Bd6 28.Nc4 Bf8 
29.Rhd1 Be7 30.Qf3 Bf8 31.Bf4+ Ka8 32.Bd6 Rcd8 
33.Bxf8 Rexf8 34.Ne5 Rdc8 35.Nxc6 Qa6 
36.Rd3 1-0

[Event "HCL-B126"]
[Site "www.playchess.de"]
[Date "2001.02.20"]
[Round "24"]
[White "FreddyRick"]
[Black "sarek"]
[WhiteElo "1200"]
[BlackElo "916"]
[PlyCount "70"]
[Result "0-1"]

1.Nc3 e5 2.e4 Nf6 3.d3 Bb4 4.Nge2 O-O 5.a3 Ba5 
6.b4 Bb6 7.a4 a6 8.a5 Ba7 9.Ng3 Nc6 10.Ba3 d6 
11.Nd5 Ng4 12.Qd2 Bxf2+ 13.Kd1 Bd4 14.Rb1 Nf2+ 
15.Kc1 Nxh1 16.Nxh1 h6 17.b5 axb5 18.c3 Bc5 
19.Bxc5 dxc5 20.d4 cxd4 21.cxd4 Nxd4 22.Ng3 c6 
23.Nc3 Rxa5 24.Nce2 Nxe2+ 25.Bxe2 Qxd2+ 26.Kxd2 
Rd8+ 27.Ke1 Ra2 28.Rd1 Rxd1+ 29.Kxd1 Be6 30.Ke1 
Bc4 31.Bxc4 bxc4 32.Ne2 b5 33.Kd1 b4 34.Kc1 Rxe2 
35.Kb1 c3 0-1

[Event "HCL-B127"]
[Site "www.playchess.de"]
[Date "2001.02.20"]
[Round "7"]
[White "lennin"]
[Black "JayKay"]
[WhiteElo "1501"]
[BlackElo "1587"]
[PlyCount "42"]
[Result "0-1"]

1.e4 c5 2.Nf3 e6 3.b4 cxb4 4.a3 bxa3 5.Bxa3 Bxa3 
6.Nxa3 Nf6 7.e5 Nd5 8.g3 O-O 9.Bg2 Nc6 10.O-O d6 
11.Qe2 dxe5 12.Nxe5 Nxe5 13.Qxe5 f6 14.Qh5 Qd6 
15.Rfb1 Qc5 16.c4 g6 17.Qh6 Nb4 18.Rb2 Nd3 19.Bxb7 
Qxf2+ 20.Kh1 Bxb7+ 21.Rxb7 Qf3+ 0-1

[Event "HCL-B129"]
[Site "www.playchess.de"]
[Date "2001.02.20"]
[Round "5"]
[White "Hubble"]
[Black "ca_blonde"]
[WhiteElo "1623"]
[BlackElo "1750"]
[PlyCount "79"]
[Result "1/2-1/2"]

1.e4 c6 2.d4 d5 3.exd5 cxd5 4.Bd3 Nc6 5.c3 e6 
6.Bf4 g5 7.Bg3 h5 8.h3 Qb6 9.Qc2 h4 10.Bh2 Bd7 
11.Nf3 f6 12.Bg6+ Kd8 13.O-O Nge7 14.Re1 Nxg6 
15.Qxg6 Be7 16.b3 a5 17.Nbd2 a4 18.Kh1 Qa6 19.Bg1 
axb3 20.Nxb3 Qc4 21.Nc5 Qxc3 22.Nxb7+ Kc7 23.Rab1 
Bb4 24.Rec1 Qa3 25.Nc5 Bxc5 26.Rxc5 Rhf8 27.Bh2+ 
e5 28.dxe5 Qxc5 29.e6+ Kd8 30.exd7 Rxa2 31.Nxg5 
fxg5 32.Bd6 Qxf2 33.Qxg5+ Qf6 34.Qxd5 Qf1+ 35.Rxf1 
Rxf1+ 36.Kh2 Raa1 37.Qg5+ Kxd7 38.Qxh4 Kxd6 
39.Qg3+ Ne5 40.Qb3 1/2-1/2

[Event "HCL-B132"]
[Site "www.playchess.de"]
[Date "2001.02.20"]
[Round "4"]
[White "killerz"]
[Black "esquire99"]
[WhiteElo "1300"]
[BlackElo "1400"]
[PlyCount "36"]
[Result "0-1"]

1.d4 d5 2.a3 Nc6 3.e3 Nf6 4.Bd3 e5 5.dxe5 Nxe5 
6.b3 Nxd3+ 7.Qxd3 Be7 8.h3 O-O 9.Nc3 c6 10.Nf3 Qc7 
11.O-O Bd6 12.Bb2 Be6 13.Rfe1 Be7 14.Rad1 h6 
15.Nd4 Bd7 16.e4 dxe4 17.Nxe4 Nd5 18.Nc3 
Nxc3 0-1

[Event "HCL-B133"]
[Site "www.playchess.de"]
[Date "2001.02.20"]
[Round "4"]
[White "Bauernopfer"]
[Black "antaios"]
[WhiteElo "1342"]
[BlackElo "1165"]
[PlyCount "35"]
[Result "1-0"]

1.e4 e5 2.Nf3 Nc6 3.Bb5 Bc5 4.d3 Nf6 5.Bxc6 dxc6 
6.O-O O-O 7.Nxe5 Re8 8.Nf3 Bg4 9.h3 h5 10.hxg4 
hxg4 11.Nh2 Bd6 12.Nxg4 Nxg4 13.Qxg4 f6 14.Nc3 Kf7 
15.Be3 Rh8 16.Bf4 g5 17.Bxd6 cxd6 
18.Rfe1 1-0

[Event "HCL-B133"]
[Site "www.playchess.de"]
[Date "2001.02.20"]
[Round "5"]
[White "antaios"]
[Black "plobi"]
[WhiteElo "1165"]
[BlackElo "1087"]
[PlyCount "22"]
[Result "0-1"]

1.e4 e5 2.Bc4 Nf6 3.Nf3 Nxe4 4.Nxe5 d6 5.Nxf7 Qe7 
6.O-O Rg8 7.Qh5 g6 8.Qf3 Nf6 9.Re1 Qxe1+ {was war 
denn das???}  10.Bf1 {gute frage, voll gepennt ... 
:-(}  Qxc1 11.Qxf6 Be7 0-1

[Event "HCL-B133"]
[Site "www.playchess.de"]
[Date "2001.02.20"]
[Round "6"]
[White "Joachim"]
[Black "antaios"]
[WhiteElo "1500"]
[BlackElo "1165"]
[PlyCount "27"]
[Result "1-0"]

1.e4 e5 2.Nf3 Nc6 3.c3 Nf6 4.d4 d5 5.Bb5 Nxe4 
6.Nxe5 Qf6 7.O-O Bd6 8.Nxc6 Bd7 9.Nxa7 Rxa7 
10.Bxd7+ Kxd7 11.Qg4+ Kc6 12.c4 Qxd4 13.Be3 Qxb2 
14.cxd5+ 1-0

[Event "HCL-B140"]
[Site "www.playchess.de"]
[Date "2001.02.20"]
[Round "14"]
[White "Hamburger"]
[Black "Deppenhaufen"]
[WhiteElo "1200"]
[BlackElo "1790"]
[PlyCount "126"]
[Result "0-1"]

1.d4 Nf6 2.c4 e6 3.Bg5 d5 4.Nf3 c6 5.e3 Nbd7 6.Bd3 
Be7 7.O-O O-O 8.Nc3 dxc4 9.Bxc4 Nd5 10.Bxe7 Qxe7 
11.Nxd5 exd5 12.Bd3 Nf6 13.Qc2 Ne4 14.h3 Bf5 
15.Nd2 Nxd2 16.Qxd2 Bxd3 17.Qxd3 f5 18.Rfe1 Rae8 
19.a3 f4 20.Rac1 f3 21.Qf1 fxg2 22.Qxg2 Rf5 23.Kh1 
Rg5 24.Qf1 Qe4+ 25.Kh2 Qf3 26.e4 Qf4+ 27.Kh1 Rxe4 
28.Rc3 Rf5 29.Rb3 b6 30.Rc3 Rxd4 31.Re8+ Kf7 
32.Qe1 Re4 33.Rxe4 dxe4 34.Re3 Qxf2 35.Rxe4 Qxe1+ 
36.Rxe1 Rf2 37.Rd1 Rxb2 38.Rd7+ Kf6 39.Rd6+ Ke5 
40.Rxc6 Rb3 41.Kg2 Rxa3 42.Rc7 g5 43.Rxh7 a5 44.h4 
gxh4 45.Rxh4 a4 46.Rb4 Rb3 47.Rxa4 b5 48.Rh4 b4 
49.Kf2 Kd5 50.Ke2 Kc5 51.Kd2 Rc3 52.Rh8 Kc4 53.Ra8 
Kb3 54.Rb8 Ka3 55.Ra8+ Kb2 56.Rb8 b3 57.Rh8 Rc5 
58.Ra8 Kb1 59.Ra7 b2 60.Ra8 Rd5+ 61.Ke2 Kc2 
62.Rc8+ Kb3 63.Rb8+ {Glückwunsch zum Gewinn dieser 
Partie und des Turnieres. Werde im nächsten zug 
aufgeben.}  Kc3 {merci. dir weiterhin viel erfolg} 
 0-1

[Event "HCL-C092"]
[Site "www.playchess.de"]
[Date "2001.02.20"]
[Round "9"]
[White "TuffGong"]
[Black "Jernau"]
[WhiteElo "1000"]
[BlackElo "1000"]
[PlyCount "64"]
[Result "0-1"]

1.d4 c6 2.e3 d5 3.b4 Nf6 4.Nc3 Bg4 5.Qd2 e6 6.b5 
Qa5 7.a3 c5 8.Bb2 c4 9.f3 Bf5 10.g4 Bg6 11.e4 dxe4 
12.Bg2 Bd6 13.fxe4 Nxg4 14.e5 Be7 15.Bxb7 Bh4+ 
16.Kf1 a6 17.Bxa8 axb5 18.a4 Qxa8 19.d5 O-O 
20.axb5 Qb7 21.Nf3 Bf2 22.h3 Ne3+ 23.Kxf2 Nxd5 
24.Na4 Qxb5 25.Rhb1 f6 26.Nd4 Qe8 27.Nc5 Qf7 
28.Ke2 Bh5+ 29.Nf3 fxe5 30.Qg5 Qxf3+ 31.Kd2 Qe2+ 
32.Kc1 Qd1+ 0-1

[Event "HCL-C100"]
[Site "www.playchess.de"]
[Date "2001.02.20"]
[Round "6"]
[White "orange"]
[Black "Theos666"]
[WhiteElo "849"]
[BlackElo "1112"]
[PlyCount "91"]
[Result "1-0"]

1.e4 c5 2.Nf3 Nc6 3.Bb5 Nf6 4.Qe2 a6 5.Ba4 e6 6.c3 
Bd6 7.d4 b5 8.Bb3 O-O 9.h3 Rb8 10.O-O b4 11.e5 Bc7 
12.exf6 Qxf6 13.Bc2 g6 14.Bg5 Qg7 15.Qd2 bxc3 
16.Nxc3 cxd4 17.Bh6 Qf6 18.Bxf8 Kxf8 19.Ne4 Qf4 
20.Qxf4 Bxf4 21.b3 Nb4 22.Ne1 Bb7 23.a3 Nxc2 
24.Nxc2 Bxe4 25.Nxd4 e5 26.Rfe1 f5 27.Ne2 Bg5 
28.b4 f4 29.f3 Bd5 30.Nc3 Bc4 31.Red1 Ke7 32.Rac1 
Ke6 33.Ne4 {hello again}  Bb3 {You are coming at 
me from all directions. LOL. Good play}  34.Rd6+ 
{had a lot of time to think about the game - 
thanks.lots of pieces attacked. check.}  Ke7 
35.Rxa6 {what does lol mean?}  Bh6 {LOL= laughing 
out loud. Meant to be "light hearted."}  36.Ra5 
{thanks, i see lol a lot it seemed to be exprss 
happy feeling.}  Bg7 37.b5 d5 38.Rc7+ {check}  Kf8 
39.Nc5 d4 40.Nxb3 {you must have not been looking} 
 Rd8 41.Nd2 h5 42.Rca7 Kg8 43.R7a8 Bf6 44.b6 Kf7 
45.b7 Ke6 46.Rc8 1-0

[Event "HCL-C140"]
[Site "www.playchess.de"]
[Date "2001.02.20"]
[Round "4"]
[White "hhh"]
[Black "Pietros"]
[WhiteElo "878"]
[BlackElo "1378"]
[PlyCount "26"]
[Result "0-1"]

1.e4 e5 2.Nf3 Nc6 3.Nc3 g6 4.Bc4 Bg7 5.O-O d6 6.a3 
Nh6 7.Ng5 Qxg5 8.d3 Qd8 9.a4 Be6 10.h4 Qxh4 11.g3 
Qh3 12.a5 Ng4 13.Bg5 Qh2+ 0-1

[Event "HCL-C142"]
[Site "www.playchess.de"]
[Date "2001.02.20"]
[Round "25"]
[White "kldr"]
[Black "Boudicca"]
[WhiteElo "1616"]
[BlackElo "1000"]
[PlyCount "21"]
[Result "1-0"]

1.d4 d5 2.Nf3 Nf6 3.e3 c5 4.c4 cxd4 5.Nxd4 e5 
6.Nb5 a6 {Hello again}  7.N5c3 {Hello,Sarah, a 
Happy New Year! Klaus}  d4 {Thank Klaus.  And may 
I also wish a happy and proserous new year.}  
8.exd4 {Thank you. Playing again at last. I´ve 
missed the site, what about you?}  exd4 {Yes, I've 
missed playing a lot.  Thomas deserves a medal.}  
9.Ne2 {You are right. But it still does not work 
as it should.}  Bc5 {True, but to be fair Thomas 
does say he has further development to do.}  
10.Nf4 {Anyway, I am glad to be able to play 
again.}  O-O {Me too.}  11.Be2 {What do you do in 
Birmingham?(job)}  1-0

[Event "HCL-C142"]
[Site "www.playchess.de"]
[Date "2001.02.20"]
[Round "32"]
[White "Boudicca"]
[Black "lulu"]
[WhiteElo "1000"]
[BlackElo "1297"]
[PlyCount "22"]
[Result "0-1"]

1.d4 d5 2.c4 e6 3.Nc3 Nf6 4.Nf3 c5 5.cxd5 Nxd5 
6.e3 cxd4 7.exd4 Bb4 8.Bd2 Nc6 9.Bd3 {Hello again} 
 Nxc3 10.bxc3 Bd6 11.O-O O-O 0-1

[Event "HCL-C144"]
[Site "www.playchess.de"]
[Date "2001.02.20"]
[Round "5"]
[White "PianoTuner"]
[Black "Theos666"]
[WhiteElo "1000"]
[BlackElo "1079"]
[PlyCount "22"]
[Result "0-1"]

1.e4 e5 2.Nc3 Nf6 3.Bc4 g6 4.f4 Nc6 5.Nf3 exf4 
6.O-O Bh6 7.d3 O-O 8.Qe1 Qe7 9.Qh4 Kg7 10.a3 d6 
11.b3 g5 0-1

[Event "HCL-M009"]
[Site "www.playchess.de"]
[Date "2001.02.20"]
[Round "3"]
[White "ajedrez"]
[Black "Bronislaw"]
[WhiteElo "2310"]
[BlackElo "2317"]
[PlyCount "51"]
[Result "1-0"]

1.d4 g6 2.e4 Bg7 3.Nc3 d6 4.f4 Nc6 5.Bb5 Bd7 6.Nf3 
a6 7.Bxc6 Bxc6 8.O-O Nf6 9.d5 Bd7 10.e5 Nh5 11.Qe1 
O-O 12.Qh4 Qc8 13.Bd2 Re8 14.h3 f5 15.a4 Rf8 
16.Rae1 Qe8 17.g4 Nxf4 18.e6 fxg4 19.Bxf4 Bxa4 
20.Ng5 h5 21.hxg4 Bxc2 22.Nf7 Bd4+ 23.Be3 Bf6 
24.Bg5 Bd4+ 25.Kh2 Bxc3 26.bxc3 {Do you really 
want to continue that game?}  1-0

[Event "ACL-A030"]
[Site "www.playchess.de"]
[Date "2001.02.20"]
[Round "12"]
[White "Robama"]
[Black "arsenic"]
[WhiteElo "1500"]
[BlackElo "1500"]
[PlyCount "70"]
[Result "0-1"]

1.e4 c6 2.Nc3 d5 3.Nf3 dxe4 4.Nxe4 Nd7 5.b3 Ngf6 
6.Nc3 e6 7.Ng5 Qc7 8.d4 Be7 9.a4 O-O 10.Ba3 Bxa3 
11.Rxa3 Nb6 12.a5 Nbd5 13.Qd2 e5 14.dxe5 Qxe5+ 
15.Be2 Nxc3 16.Nf3 Qxe2+ 17.Qxe2 Nxe2 18.Kxe2 Bg4 
19.h3 Rfe8+ 20.Kd1 Bxf3+ 21.gxf3 Rad8+ 22.Kc1 Re2 
23.Rf1 Rdd2 24.Ra2 Rexf2 25.Rxf2 Rxf2 26.Ra4 Rxf3 
27.Rd4 g6 28.Rd8+ Kg7 29.Ra8 Nd7 30.Rxa7 Nc5 31.b4 
Na4 32.Rxb7 Rxh3 33.a6 Ra3 34.a7 Ra1+ 35.Kd2 
Nb2 0-1

[Event "ACL-A051"]
[Site "www.playchess.de"]
[Date "2001.02.20"]
[Round "36"]
[White "u2krazie"]
[Black "class58"]
[WhiteElo "996"]
[BlackElo "1500"]
[PlyCount "32"]
[Result "0-1"]

1.e4 e5 2.Bc4 Nf6 3.Nf3 d5 4.exd5 Bg4 5.d3 Nxd5 
6.Bxd5 Qxd5 7.Nc3 Bb4 8.Bd2 Bxc3 9.Bxc3 Nc6 10.Kf1 
O-O-O 11.h3 Bxf3 12.Qxf3 Qxf3 13.gxf3 f6 14.Rg1 g5 
15.Re1 Nd4 16.Bxd4 Rxd4 0-1

[Event "ACL-A063"]
[Site "www.playchess.de"]
[Date "2001.02.20"]
[Round "3"]
[White "dakini"]
[Black "sazex"]
[WhiteElo "1380"]
[BlackElo "1768"]
[PlyCount "72"]
[Result "0-1"]

1.e4 e5 2.f4 exf4 3.Nf3 g5 4.Bc4 Bg7 5.O-O h6 6.d4 
d6 7.Nc3 c6 8.e5 d5 9.Bd3 Bg4 10.b3 Nd7 11.Re1 Ne7 
12.Ba3 Qa5 13.h3 Bxf3 14.Qxf3 Qxc3 15.Bxe7 Qxd4+ 
16.Kh1 {13.h3 was the wrong move ...}  Kxe7 17.c4 
Nxe5 18.Rad1 Rad8 19.Qe2 dxc4 20.Bxc4 Qc3 21.Qh5 
Rhf8 22.Rdc1 Qg3 23.Re4 Rd7 24.Ree1 Kf6 25.Re4 f3 
26.gxf3 Rd2 27.Be2 {It looks very very good for 
you!}  Nd3 28.Rf1 Rxe2 29.Rxe2 Nf4 30.Qg4 {Another 
few moves and then I think it will be finished. My 
congratulations!}  Nxe2 31.Rd1 Qf2 32.Qg2 Qxg2+ 
33.Kxg2 {Hi! Sorry that I don´t give up not yet. 
In ACL I learn a lot  especially in this game 
here. Thanks!}  Nf4+ 34.Kh2 Re8 35.Rd6+ Re6 
36.Rxe6+ {next move I´ll give up! 
Congratulations!}  Kxe6 0-1

[Event "ACL-A070"]
[Site "www.playchess.de"]
[Date "2001.02.20"]
[Round "34"]
[White "cabe"]
[Black "Alcoholic"]
[WhiteElo "1500"]
[BlackElo "1517"]
[PlyCount "21"]
[Result "1-0"]

1.d4 Nf6 2.c4 g6 3.Nc3 d5 4.e3 Bg7 5.Nf3 O-O 
6.cxd5 Nxd5 7.Nxd5 Qxd5 8.Bd3 Nc6 9.O-O Bg4 10.h3 
Bxf3 11.Qxf3 {Fahren wir weiter!} 
 1-0

[Event "HCL-C154"]
[Site "www.playchess.de"]
[Date "2001.02.20"]
[Round "5"]
[White "Ben-E-Gas"]
[Black "rhonda202"]
[WhiteElo "1000"]
[BlackElo "944"]
[PlyCount "50"]
[Result "0-1"]

1.e4 {good luck}  e5 {ty and good luck to you :0)} 
 2.Nf3 Nc6 3.Nc3 Nf6 4.d3 Bb4 5.Nxe5 Nxe5 6.Be2 c6 
7.Bf4 d6 8.O-O Bc5 9.Bg5 {could you please tell me 
how to 'castle in this game'?  thank you.}  d5 
{hi, well move your king 2 space to the rook but 
not thru check or out of check, but ic u did 
it.ok:)}  10.exd5 {thanks,   It failed to work 
while I was playing in another game.  That is the 
downside of comp. ches}  cxd5 {well i hope that 
helped,, ya some down falls but pretty good,game 
anyway :o),}  11.a3 Qb6 12.b4 Bd4 13.Qd2 {sorry, i 
may not be able to move until monday(3 days)}  
Nfg4 {ok, if u don't i'll catch you then. :o)}  
14.Nxd5 Qc6 15.c4 a5 16.b5 Qc5 17.Bxg4 Nxg4 
18.Rae1+ {-}  Be6 19.Rxe6+ fxe6 20.Qe2 O-O 
21.Qxe6+ Kh8 22.Qxg4 Rxf2 23.Rxf2 Bxf2+ 24.Kf1 Re8 
25.Qf5 Re1+ 0-1

[Event "HCL-C156"]
[Site "www.playchess.de"]
[Date "2001.02.20"]
[Round "18"]
[White "exoticorn"]
[Black "Stefan"]
[WhiteElo "1157"]
[BlackElo "1431"]
[PlyCount "36"]
[Result "0-1"]

1.Nf3 Nf6 2.g3 g6 3.Bg2 Bg7 4.O-O O-O 5.d3 d5 
6.Nc3 Nc6 7.Bf4 Re8 8.Re1 e5 9.Bg5 Bg4 10.Qd2 Qd7 
11.Na4 Bxf3 12.exf3 Nd4 13.Nc3 Re6 14.f4 exf4 
15.Bxf4 Rae8 16.Rxe6 Rxe6 17.Be3 Ng4 18.Bh3 
Nf3+ 0-1

[Event "HCL-C161"]
[Site "www.playchess.de"]
[Date "2001.02.20"]
[Round "3"]
[White "Zooey"]
[Black "Translightor"]
[WhiteElo "1601"]
[BlackElo "1280"]
[PlyCount "118"]
[Result "0-1"]

1.e4 {Hello! Enjoy!}  c5 {Hello & Good Luck!}  
2.Nf3 e6 3.d4 cxd4 4.Nxd4 a6 5.Bd3 b5 6.O-O Bb7 
7.Nc3 d6 8.Be3 Nd7 9.Re1 Ngf6 10.b4 Qc7 11.Qd2 Rc8 
12.Nce2 Nxe4 13.Bxe4 Bxe4 14.c3 Be7 15.a4 Qc4 
16.axb5 axb5 17.Ra5 Rb8 18.Rea1 O-O 19.R5a7 Rba8 
20.R7xa8 Rxa8 21.Rxa8+ {Off with the rooks! I'll 
miss them!}  Bxa8 {You'll get new ones in your 
next game!}  22.Bg5 {A comforting thought, 
indeed.}  Qd5 23.Nf3 Qxd2 24.Bxd2 Bxf3 25.gxf3 Ne5 
26.Nd4 d5 27.Kg2 Nc4 28.Be3 Nd6 29.Bf4 Kf8 30.Bxd6 
{good morning}  Bxd6 {Have a pleasant weekend!}  
31.Nxb5 Bb8 32.Nd4 {u2}  Ke8 33.h3 Kd7 34.Kf1 Be5 
35.Ke2 Bxd4 36.cxd4 Kc6 37.Kd3 Kb5 38.Kc3 {Sorry 
to keep you waiting. My blitz-mode seems to go on 
off in unpleasant positions ..  :-)}  Ka4 {Never 
mind. I'm glad that we can finish this game.}  
39.h4 f5 40.f4 g6 41.f3 h6 42.b5 Kxb5 43.Kb3 h5 
44.Kc3 Ka4 45.Kd3 Kb3 46.Kd2 Kc4 47.Ke3 Kc3 48.Ke2 
Kxd4 49.Kf2 Kd3 {Now it's easy. But even after 
49.Kd2 e5 should have won the day.}  50.Kg3 {Easy 
pieces ...}  Ke3 51.Kg2 Kxf4 52.Kf2 d4 53.Kg2 d3 
54.Kf2 e5 55.Kg2 d2 56.Kf2 d1Q {%}  57.Kg2 {&}  
Qe1 {The % wasn't me. The program generates it 
each time a pawn is promoted.}  58.Kh2 {very soon 
i'm promoted mr 0 %}  Kxf3 {Anyway, thanks for the 
game. I was lucky to have 2 extra tempi in the 
ending. They decided it!}  59.Kh3 {yeah, only 
after the exchange did i realize the extreme 
weaknesses of my pawn structure -well played}  
Qh1+ 0-1

[Event "HCL-C159"]
[Site "www.playchess.de"]
[Date "2001.02.20"]
[Round "17"]
[White "Winkler"]
[Black "Stef"]
[WhiteElo "1000"]
[BlackElo "1000"]
[PlyCount "67"]
[Result "1-0"]

1.e4 {Guten Morgen Stef,Gruß Andreas}  Nf6 {Guten 
Tag!}  2.e5 Ne4 3.d3 Nc5 4.d4 Ne4 5.Qf3 {Du magst 
wohl deinen Springer nicht.Gruß Andreas}  Nf6 
6.exf6 exf6 {Hab ich wohl gepennt}  7.Bd3 Bb4+ 
8.c3 Ba5 9.Ne2 Nc6 10.Be3 O-O 11.O-O d6 12.Nd2 Re8 
13.a3 Re6 14.Nf4 Qe8 15.b4 Bb6 16.Nc4 f5 17.Nxe6 
fxe6 18.a4 d5 19.Ne5 g6 20.a5 Bxd4 21.Bxd4 Nxd4 
22.cxd4 b6 23.a6 Bxa6 24.Bxa6 Qe7 25.Qc3 h5 
26.Nxg6 h4 27.Nxe7+ Kf7 28.Qxc7 Re8 29.Nxd5+ Kg6 
30.Nf4+ Kg5 31.Qe5 Rd8 32.Nxe6+ Kg4 33.Qf4+ Kh5 
34.Qg5+ 1-0